An error analysis of English prepositions in the written work of upper secondary Malay students /
Saved in:
| 主要作者: | |
|---|---|
| 格式: | Thesis 圖書 |
| 語言: | English |
| 出版: |
2001.
|
| 主題: | |
| 在線閱讀: | http://studentsrepo.um.edu.my/id/eprint/1802 |
| 標簽: |
添加標簽
沒有標簽, 成為第一個標記此記錄!
|
| LEADER | 01332cam a2200301 a 4500 | ||
|---|---|---|---|
| 001 | u484657 | ||
| 003 | SIRSI | ||
| 008 | 001009s2001 my t 00 11 eng m | ||
| 035 | |a ACP-9235 | ||
| 040 | |a UMM |c UMB | ||
| 090 | |a P121 |b UM 2001 Loi | ||
| 093 | |a P121 |b UM 2001 Loi | ||
| 100 | 1 | 0 | |a Loi, Chek Kim. |
| 245 | 1 | 3 | |a An error analysis of English prepositions in the written work of upper secondary Malay students / |c Loi Chek Kim. |
| 260 | |c 2001. | ||
| 300 | |a xvi, 139 leaves ; |c 30 cm. | ||
| 502 | |a Dissertation (M.Ling.) -- Fakulti Bahasa dan Linguistik, Universiti Malaya, 2001. | ||
| 504 | |a Bibliography: leaves 108-115. | ||
| 650 | 0 | |a English language |x Errors of usage. | |
| 650 | 0 | |a English language |x Study and teaching. | |
| 710 | 2 | 0 | |a Universiti Malaya. |b Fakulti Bahasa dan Linguistik. |
| 856 | |f IARC:A511963156 |z Click Here for Abstract and Table of Contents | ||
| 856 | 4 | 1 | |u http://studentsrepo.um.edu.my/id/eprint/1802 |
| 948 | |a 03/07/2001 |b 07/01/2003 | ||
| 596 | |a 1 6 | ||
| 999 | |a P121 UM 2001 LOI |w LC |c 1 |i A509556967 |d 8/4/2011 |e 8/4/2011 |l STACKS |m P01UTAMA |n 7 |r Y |s Y |t TESIS |u 5/7/2001 | ||
| 999 | |a P121 UM 2001 LOI |w LC |c 2 |i A510574239 |d 5/10/2007 |e 5/10/2007 |l B_KOM4 |m P01UTAMA |n 2 |r Y |s Y |t TESIS |u 12/12/2001 |o .PUBLIC. BKOM 4 : 42463 | ||
| 999 | |a P121 UM 2001 LOI |w LC |c 1 |i A503732812 |l STACKS |m P06BAHASA |r Y |s Y |t TESIS |u 6/9/2001 | ||
